000 01148nab a2200205 i 4500
001 768714001
003 CO-MdFUSB
005 20240507145640.0
008 240507t1968 sp ||||| |||| 00| 0 spa d
040 _bspa
_cCO-MdFUSB
_dCO-MdFUSB
041 _aspa
100 _aMetz, Johann-Baptist,
_eautor
245 3 _aEl problema de una “teología política”
_c/ Johannes Baptist Metz
520 _aLa palabra "teología política" puede ser ambigua y, por tanto, no del todo clara. Estas son reflexiones del pensamiento del autor, quien por un lado, entiende la teología política como un correctivo crítico a la tendencia exagerada de la teología actual hacia la privatización. Por otro lado, es un esfuerzo constructivo crear un mensaje escatológico, considerando los postulados de nuestra sociedad contemporánea.
650 7 _aTeología política
_97184
650 7 _aReligión y política
_9286
773 0 _049450
_982596
_oR2526
_tRevista internacional de teología Concilium
_w(CO-MdFUSB)8
_x0210-1041
_gNúmero 36, (junio, 1968), páginas: 385 - 403
_qpágina: 385
942 _cANA
945 _aCatherine Arias Alvarez - Practicante SENA
999 _c69536
_d69536